Остап Терлецький у суспільно-політичному житті Галичини останньої третини XIX століття (Запис № 571620)

МАРК-запис
000 -Лідер
fixed length control field 03179nam a22002417a 4500
003 - Ідентифікатор контрольного номера
control field UA-OsUOA
005 - Дата та час останнього входження (трансакції)
control field 20211013162318.0
008 - Елементи даних фіксованої довжини – загальна інформація
fixed length control field 211013b un ||||| |||| 00| 0 ukr d
040 ## - Джерело каталогізації
Агенція оригінальної каталогізації UA-OsUOA
Мова каталогізації ukr
Агенція, яка здійснювала перезапис UA-OsUOA
Агенція, яка здійснювала модифікацію UA-OsUOA
041 ## - Код мови
Код мови тексту/ звукової доріжки чи окремого заголовка (П) ukr
080 ## - Індекс Універсальної десяткової класифікації
Індекс Універсальної десяткової класифікації (УДК) (НП) 94(477.86):929
090 ## - Локальний шифр розміщення
Класифікаційний індекс УДК 94(477.86):929
095 ## - Код спеціальності для авторефератів
Код спеціальності 07.00.01
Назва спеціальності історія України
100 ## - Основне введення – ім’я особи
Ім’я особи (НП) Романів Т. Б.
245 ## - Відомості про назву
Назва (НП) Остап Терлецький у суспільно-політичному житті Галичини останньої третини XIX століття
Дані про відповідальність (НП) Романів Тамара Богданівна ; наук. керівник Сухий Олексій Миколайович
260 ## - Публікація, розповсюдження і т.п. (Вихідні дані)
Місце публікації, розповсюдження і т.п. (П) Львів
Дата публікації, розповсюдження і т.п. (П) 2021
300 ## - Фізичний опис
Обсяг 20 с.
502 ## - Примітка про дисертацію
Зв'язок Автореферат дисертації на здобуття наукового ступеня кандидата історичних наук<br/>
Наймення інституції, що представляється Львівський національний університет імені Івана Франка
Рік отримання вченого ступеня 2021
520 ## - Резюме і т.п.
Резюме, реферат, анотація, тощо (НП) У дисертації, на основі вивчення опублікованих та архівних матеріалів (в тому числі зарубіжних), періодичної преси, спогадів, вітчизняної та зарубіжної історіографії висвітлено громадсько- політичну, видавничу, наукову та науково-публіцистичну і правничу діяльність Остапа Терлецького.<br/>Розглянуто процес формування світогляду О.Терлецького, який проходив у родинному середовищі, Станіславівській гімназії. Львівському та Віденському університетах. Висвітлено його суспільно - політичну діяльність у молодіжних громадівських організаціях Галичини, віденському товаристві «Січ», а також соціалістичних гуртках Відня і Львова. Показано діяльність О.Терлецького в Русько- Українській радикальній партії та вплив на нього М.Драгоманова, І.Франка, М.Павлика та ін. Висвітлено видавничу діяльність О.Терлецького та його зв’язки з наддніпрянцями.<br/>Проаналізовано наукові твори О.Терлецького теоретико- економічного змісту, соціальної проблематики, літературні та літературно-критичні праці. Окремо розглянуто публіцистику; здійснено аналіз його теоретико - правових творів та показано адвокатську діяльність.
650 ## - Додаткове предметне введення – тематичний термін
Джерело заголовка чи терміна UDC
Тематичний термін чи географічна назва, як елемент введення (НП) 94 Історія загалом
942 ## - Додаткові елементи входу (Коха)
Source of classification or shelving scheme Universal Decimal Classification
Тип елемента Koha Автореферат
955 ## - Код типу видання за змістом
Код типу видання за змістом (НП) Наукові видання

Немає доступних примірників.